000 00659nas a2200217 i 4500
001 2390
003 ES-MaACL
005 20250217134622.0
007 t|
008 950801d18951939xxk | | 1 ||ng d
080 _a410
245 0 4 _aThe Windsor magazine
_b: an illustrated monthly for men and women.
260 _aLondon :
_bWard, Lock and Comp,
_c1895-1939 (
_fWilliam Clowes and Sons)
300 _a1 v. :
_bgrab ;
_c25 cm.
310 _aMensual
362 0 _aVol. 1, no. 1 (Jan. 1895)-v. 90, no. 537 (Sept 1939)
650 1 4 _aRevistas de información general.
_916896
852 _aES-MaACL
_jHem-396
866 0 _o(1898).
999 _c2390
_d2390